Por la Boca Vive el Pez - Fito & Fitipaldis - Estadísticas

Estadísticas generales
  • Esta prueba ha sido intentada 231 veces
    199 desde el último reinicio
  • La puntuación promedio es 225 de 258
Estadísticas de respuestas
% Correcto
a
100%
de
97%
la
97%
La
97%
lo
97%
que
97%
qué
97%
el
96%
es
96%
me
96%
Me
96%
pez"
96%
"por
96%
por
96%
vive
96%
y
96%
Y
96%
boca
95%
si
95%
Si
95%
te
94%
no
93%
No
93%
Todo
93%
todo
93%
vez
93%
yo
93%
otra
92%
está
91%
estoy
91%
Final | Verso
91%
91%
con
90%
diciendo,
90%
diciendo
90%
Para
90%
para
90%
quiero,
90%
quiero
90%
Quiero
90%
89%
cada
88%
contigo
88%
dentro
88%
estás
88%
más
88%
más,
88%
solo
88%
viene
88%
cinco
87%
eres
87%
estar
87%
grande
87%
Nunca
87%
nunca
87%
queda
87%
sentidos
87%
vivir
87%
hambriento
86%
invade
86%
Sabes,
86%
Estribillo Sabes
86%
canción
85%
escribo,
85%
escribo
85%
Este
85%
lobo
85%
despierto
84%
hundidos
84%
mar
84%
Siempre
84%
siempre
84%
soñaré
84%
alguna
83%
barcos
83%
canto
83%
canto,
83%
en
83%
guarda
83%
he
83%
un
83%
corazón,
82%
digo
82%
pido
82%
aurora
81%
Coca
81%
del
81%
poco
81%
Alguien
80%
Cola
80%
color
80%
dijo
80%
tus
80%
acento
79%
aire,
79%
decirte
79%
Hago
79%
ojos
79%
papel
79%
Porque
79%
ver
79%
Verso Algo,
78%
darte
78%
Donde
78%
iré
78%
menos
78%
quisiera
77%
vayas
77%
cantarte
76%
conmigo
76%
cuando
76%
canciones
75%
cuánto
75%
cuenta
75%
echao'
75%
estrella
75%
tengo
75%
dado
74%
dura
74%
locura
74%
mirar
74%
preguntas
74%
rato
74%
vida
74%
llanto
73%
Verso Dime
72%
oscuras,
72%
sacie
72%
alúmbrame
71%
igual
71%
quedo
71%
bailará
70%
bailando
69%
errante,
69%
luz
69%
pena
69%
quiera
69%
sangro
69%
ven
69%
apenas
10%
No se encontraron pruebas coincidentes
Distribución de puntuación
Porcentaje de gente con cada puntuación
Porcentaje por número respondido
Historial de tus puntuaciones
No has intentado esta prueba desde el último reinicio